Hợp tác của Pháp trong lĩnh vực y tế ở Việt Nam

Guardat en:
Dades bibliogràfiques
Autor corporatiu: Đại sứ quán Pháp tại Việt Nam
Format: Llibre
Idioma:Undetermined
Publicat: Hà Nội Đại sứ quán Pháp tại Việt Nam 2002
Matèries:
Etiquetes: Afegir etiqueta
Sense etiquetes, Sigues el primer a etiquetar aquest registre!
Thư viện lưu trữ: Trung tâm Học liệu Trường Đại học Cần Thơ
LEADER 00607nam a2200181Ia 4500
001 CTU_122081
008 210402s9999 xx 000 0 und d
082 |a 610.6 
082 |b H466 
110 |a Đại sứ quán Pháp tại Việt Nam 
245 0 |a Hợp tác của Pháp trong lĩnh vực y tế ở Việt Nam 
245 0 |c Đại sứ quán Pháp tại Việt Nam 
260 |a Hà Nội 
260 |b Đại sứ quán Pháp tại Việt Nam 
260 |c 2002 
650 |a medicine 
904 |i Thủy 
980 |a Trung tâm Học liệu Trường Đại học Cần Thơ